000 00437nam a2200157 i 4500
001 58856
003 ES-MaACL
005 20230906163914.0
007 t|
008 031024s1962 sp ||||1| spa d
100 1 _aEguia, Javier de.
_946741
245 1 0 _aTĂș y el Concilio segĂșn S.S. Juan XXIII /
_cJavier de Eguia.
260 _aSan Sebastian :
_bAgora,
_c1962.
300 _a231 p. ;
_c19 cm.
852 _aES-MaACL
_jC-22062
_bR.50756
999 _c58856
_d58856